[Event "Bochum-ch"]
[Site "Bochum"]
[Date "2005.05.10"]
[Round "3"]
[White "Schueler, Bernd"]
[Black "Schrey, Hans"]
[Result "0-1"]
[WhiteElo "1378"]
[BlackElo "1671"]
[PlyCount "110"]
[EventDate "2005.04.26"]
[EventType "swiss"]
[EventRounds "7"]
[EventCountry "GER"]
[SourceTitle "EXT 2007"]
[Source "ChessBase"]
[SourceDate "2006.11.23"]
[SourceVersion "1"]
[SourceVersionDate "2006.11.23"]
[SourceQuality "1"]

1. e4 c6 2. c4 d5 3. exd5 cxd5 4. cxd5 Qxd5 5. Nc3 Qa5 6. Qa4+ Qxa4 7. Nxa4 b6 8. Nf3 Bd7 9. Nc3 Nc6 10. a3 e6 11. Be2 Nf6 12. 0-0 Be7 13. h3 0-0 14. d4 Rfc8 15. Be3 Na5 16. Nd2 Bc6 17. Rfd1 Bb7 18. Rac1 Rc7 19. Nb5 Rd7 20. Rc7 Rxc7 21. Nxc7 Rc8 22. Na6 Rc2 23. b4 Nb3 24. Bd3 Rc1 25. Rxc1 Nxc1 26. Bc4 Bd5 27. Bxd5 Nxd5 28. Nb8 Bf6 29. Nf3 Ne2+ 30. Kf1 Nec3 31. Nc6 a6 32. Nd2 Nd1 33. Ke2 N1xe3 34. fxe3 Bg5 35. Nf1 b5 36. Kd3 h5 37. Nb8 Nc7 38. Nd2 f5 39. Nb3 Be7 40. Nc6 Bd6 41. Nc5 g5 42. Ne5 Kg7 43. Nf3 Kg6 44. Ke2 h4 45. Ne5+ Bxe5 46. dxe5 g4 47. Kf2 Kg5 48. hxg4 fxg4 49. Nd3 Kf5 50. g3 h3 51. Kg1 Ke4 52. Nf2+ Kf3 53. Nh1 Kxe3 54. Nf2 Kf3 55. Nh1 Nd5 0-1

[Event "Bochum-ch"]
[Site "Bochum"]
[Date "2005.04.26"]
[Round "1"]
[White "Schueler, Bernd"]
[Black "Radi, Guenter"]
[Result "0-1"]
[WhiteElo "1378"]
[BlackElo "1851"]
[PlyCount "98"]
[EventDate "2005.04.26"]
[EventType "swiss"]
[EventRounds "7"]
[EventCountry "GER"]
[SourceTitle "EXT 2007"]
[Source "ChessBase"]
[SourceDate "2006.11.23"]
[SourceVersion "1"]
[SourceVersionDate "2006.11.23"]
[SourceQuality "1"]

1. d4 d5 2. c4 Nf6 3. e3 g6 4. cxd5 Nxd5 5. Nf3 Bg7 6. Be2 0-0 7. 0-0 e6 8. Nbd2 Nb6 9. Nb3 N8d7 10. h3 Qe7 11. Bd3 Rd8 12. e4 c5 13. Bc2 cxd4 14. Bd3 e5 15. h4 Nf6 16. Nh2 Nh5 17. g4 Nf4 18. Bxf4 exf4 19. h5 gxh5 20. gxh5 Bh3 21. Kh1 Bxf1 22. Qxf1 Qh4 23. Qe2 Nd7 24. Rg1 Kh8 25. Nd2 Ne5 26. Ndf3 Nxf3 27. Qxf3 Be5 28. Rg4 Qe7 29. Qh3 Rg8 30. Rxg8+ Rxg8 31. Nf3 Qc7 32. Qf5 f6 33. Qe6 Qg7 34. Qh3 Qg4 35. Qxg4 Rxg4 36. Kh2 Rg7 37. Kh3 Kg8 38. Nh4 Rg1 39. Nf5 Rd1 40. Bc4+ Kf8 41. Nh4 Rd2 42. b4 Rxf2 43. Ng2 d3 44. Bb3 d2 45. Kh2 f3+ 46. Kg1 Rxg2+ 47. Kf1 Bg3 48. Bd1 Rf2+ 49. Kg1 Re2 0-1

[Event "Bochum-ch"]
[Site "Bochum"]
[Date "2004.05.19"]
[Round "3"]
[White "Schueler, Bernd"]
[Black "Lietz, Werner"]
[Result "0-1"]
[WhiteElo "1403"]
[BlackElo "1613"]
[PlyCount "84"]
[EventDate "2004.05.05"]
[EventType "swiss"]
[EventRounds "7"]
[EventCountry "GER"]
[SourceTitle "EXT 2006"]
[Source "ChessBase"]
[SourceDate "2005.11.24"]
[SourceVersion "1"]
[SourceVersionDate "2005.11.24"]
[SourceQuality "1"]

1. c4 c5 2. Nf3 Nc6 3. e3 e5 4. Nc3 f5 5. d3 Nf6 6. Be2 d6 7. 0-0 Be7 8. h3 0-0 9. a3 e4 10. dxe4 fxe4 11. Nd2 Bf5 12. Qc2 Qe8 13. Ncxe4 Qg6 14. Bd3 Ne5 15. Nxf6+ Rxf6 16. Bxf5 Rxf5 17. Kh1 Qh5 18. Ne4 Rf3 19. Ng3 Qh4 20. Qe4 Qh6 21. gxf3 Qxh3+ 22. Kg1 Rf8 23. f4 Ng4 24. Qg2 Qh4 25. Qh1 Qf6 26. Qh5 Nh6 27. Qd5+ Kh8 28. Qh5 Nf7 29. e4 Qd4 30. Qd5 Qf6 31. Kg2 Nd8 32. Rh1 g6 33. Rb1 Ne6 34. Be3 Nxf4+ 35. Bxf4 Qxf4 36. Rhf1 h5 37. Qe6 Bf6 38. Rbd1 h4 39. Qh3 Kg7 40. Ne2 Qxe4+ 41. Qf3 h3+ 42. Kg3 Be5+ 0-1